| 000 | 00502nam a2200157 i 4500 | ||
|---|---|---|---|
| 001 | 167012 | ||
| 003 | ES-MaACL | ||
| 005 | 20230906213437.0 | ||
| 008 | 050922s1878 it | |||||||| ||ita d | ||
| 040 |
_aCAM _bspa _cCAM |
||
| 100 | 1 |
_aVarvaro Pojero, Francesco. _9133564 |
|
| 245 | 1 | 4 |
_aUna corsa nel nuovo mondo / _cdi F. Varvaro Pojero. |
| 260 |
_aMilano : _bFretelli Treves editori, _c1878. |
||
| 300 |
_a2 v. (XI, 362; 340 p.) ; _c18 cm. |
||
| 852 |
_aES-MaACL _jG-8573-74 _z-- Enc. pasta espaƱola |
||
| 999 |
_c167012 _d167012 |
||